Štúdium prípravy N-karbamoyl-substituovaných 4-bróm-2,3-dihydroizoxazolov a ich využitie v syntéze bakalárska práca

Saved in:
Bibliographic Details
Main Author: Sahulčík, Michal
Format: Book
Language:Slovak
Published: Bratislava STU FCHPT 2017
Online Access:View in OPAC
Tags: Add Tag
No Tags, Be the first to tag this record!

MARC

LEADER 00000nam a2200000 a 4500
005 20260127134000.0
008 171201 2017 xo 001 0 slo d
035 |a vtls011724937 
039 9 |y 201712011114  |z mschk03 
040 |a STUSCHK1  |b slo  |c STUSCHK1  |e AACR2 
100 1 |a Sahulčík, Michal 
245 1 |a Štúdium prípravy N-karbamoyl-substituovaných 4-bróm-2,3-dihydroizoxazolov a ich využitie v syntéze  |b bakalárska práca  |c Michal Sahulčík 
260 |a Bratislava  |b STU FCHPT  |c 2017 
300 |a 38 s.  |b il.  |c 25 cm 
500 |a Študijný program: chémia, medicínska chémia a chemické materiály 
500 |a Študijný odbor: chémia, chemické technológia 
500 |a Školiace pracovisko: Oddelenie organickej chémie 
500 |a Evid. číslo: FCHPT-13569-76488 
910 |a SCHK95 
999 |c 1459  |d 1459